| 000 | 00652nam a2200253 a 4500 | ||
|---|---|---|---|
| 001 | nice12345678 | ||
| 003 | IN_TiNIC | ||
| 005 | 20260116012325.0 | ||
| 008 | 050524s1976 haga grp 000 0 eng | ||
| 020 |
_a9027914 _c817 |
||
| 082 | 0 | 0 |
_a297.4 _bMEM |
| 100 | _aMemon, Muhammad Umar | ||
| 245 | _aIbn Taimiya`s Struggle Against Popular Religion. | ||
| 260 |
_aHague _bMouton Publisher _c1976 |
||
| 300 | _a423p | ||
| 500 | _aincludes index and biblioraphy | ||
| 505 | 2 | _aBiblio, Glossary, Index | |
| 650 | _aSufism | ||
| 650 | _aIbn-Taimiyah | ||
| 700 | 1 | _aMemon, Muhammad Umar | |
| 902 | _bSRS | ||
| 942 | _cBK | ||
| 999 |
_c6554 _d6554 |
||